<?xml version="1.0" encoding="UTF-8"?>
<collection xmlns="http://www.loc.gov/MARC21/slim">
 <record>
  <leader>02977nam a22003377a 4500</leader>
  <controlfield tag="001">NCT_42344</controlfield>
  <controlfield tag="008">180615b        xxu||||| |||| 00| 0 vie d</controlfield>
  <datafield tag="999" ind1=" " ind2=" ">
   <subfield code="c">2032</subfield>
   <subfield code="d">2032</subfield>
  </datafield>
  <datafield tag="020" ind1=" " ind2=" ">
   <subfield code="a">9786047335909</subfield>
   <subfield code="c">100000</subfield>
  </datafield>
  <datafield tag="082" ind1="0" ind2="4">
   <subfield code="2">23rd ed.</subfield>
   <subfield code="a">317.1027</subfield>
   <subfield code="b">Ph561</subfield>
  </datafield>
  <datafield tag="100" ind1="1" ind2=" ">
   <subfield code="a">Lê Quý Phượng</subfield>
   <subfield code="e">Chủ biên</subfield>
  </datafield>
  <datafield tag="245" ind1="1" ind2="0">
   <subfield code="a">Giáo trình bệnh học thể thao</subfield>
   <subfield code="c">Chủ biên : Lê Quý Phượng, Đàm Tuấn Khôi ; Đàm Anh Tuấn</subfield>
  </datafield>
  <datafield tag="260" ind1=" " ind2=" ">
   <subfield code="a">TP. Hồ Chí Minh</subfield>
   <subfield code="b">Đại học quốc gia thành phố Hồ Chí Minh</subfield>
   <subfield code="c">2016</subfield>
  </datafield>
  <datafield tag="300" ind1=" " ind2=" ">
   <subfield code="a">259 tr.</subfield>
   <subfield code="c">24 cm</subfield>
  </datafield>
  <datafield tag="500" ind1=" " ind2=" ">
   <subfield code="a">ĐTTS ghi: Bộ văn hóa thể thao và du lịch. Trường đại học thể thao thành phố Hồ Chí Minh</subfield>
  </datafield>
  <datafield tag="520" ind1="3" ind2=" ">
   <subfield code="a">Nội dung cuốn sách bao gồm: Chương 1: Một số vấn đề cơ bản về bệnh học thể thao; Chương 2: Triệu chứng của một số bênh lý nội khoa; Chương 3: Một số bệnh lý ngoại khoa; Chương 4: Một số vấn đề về bệnh lý thường gặp trong thể thao; Chương 5: Chấn thương thường gặp trong thể thao.</subfield>
  </datafield>
  <datafield tag="653" ind1=" " ind2=" ">
   <subfield code="a">Khoa học cơ bản</subfield>
  </datafield>
  <datafield tag="700" ind1="1" ind2=" ">
   <subfield code="a">Đàm Tuấn Khôi</subfield>
   <subfield code="e">Chủ biên</subfield>
  </datafield>
  <datafield tag="700" ind1="1" ind2=" ">
   <subfield code="a">Đàm Anh Tuấn</subfield>
  </datafield>
  <datafield tag="942" ind1=" " ind2=" ">
   <subfield code="2">ddc</subfield>
   <subfield code="c">BK</subfield>
  </datafield>
  <datafield tag="952" ind1=" " ind2=" ">
   <subfield code="0">0</subfield>
   <subfield code="1">0</subfield>
   <subfield code="2">ddc</subfield>
   <subfield code="4">0</subfield>
   <subfield code="6">317_102700000000000_PH561</subfield>
   <subfield code="7">0</subfield>
   <subfield code="9">10883</subfield>
   <subfield code="a">000001</subfield>
   <subfield code="b">000001</subfield>
   <subfield code="d">2018-06-15</subfield>
   <subfield code="o">317.1027 Ph561</subfield>
   <subfield code="p">MD.10497</subfield>
   <subfield code="r">2018-06-15</subfield>
   <subfield code="v">100000.00</subfield>
   <subfield code="w">2018-06-15</subfield>
   <subfield code="y">BK</subfield>
  </datafield>
  <datafield tag="952" ind1=" " ind2=" ">
   <subfield code="0">0</subfield>
   <subfield code="1">0</subfield>
   <subfield code="2">ddc</subfield>
   <subfield code="4">0</subfield>
   <subfield code="6">317_102700000000000_PH561</subfield>
   <subfield code="7">0</subfield>
   <subfield code="9">10884</subfield>
   <subfield code="a">000001</subfield>
   <subfield code="b">000001</subfield>
   <subfield code="d">2018-06-15</subfield>
   <subfield code="o">317.1027 Ph561</subfield>
   <subfield code="p">MD.10498</subfield>
   <subfield code="r">2018-06-15</subfield>
   <subfield code="v">100000.00</subfield>
   <subfield code="w">2018-06-15</subfield>
   <subfield code="y">BK</subfield>
  </datafield>
  <datafield tag="952" ind1=" " ind2=" ">
   <subfield code="0">0</subfield>
   <subfield code="1">0</subfield>
   <subfield code="2">ddc</subfield>
   <subfield code="4">0</subfield>
   <subfield code="6">317_102700000000000_PH561</subfield>
   <subfield code="7">0</subfield>
   <subfield code="9">10885</subfield>
   <subfield code="a">000001</subfield>
   <subfield code="b">000001</subfield>
   <subfield code="d">2018-06-15</subfield>
   <subfield code="o">317.1027 Ph561</subfield>
   <subfield code="p">MD.10499</subfield>
   <subfield code="r">2018-06-15</subfield>
   <subfield code="v">100000.00</subfield>
   <subfield code="w">2018-06-15</subfield>
   <subfield code="y">BK</subfield>
  </datafield>
  <datafield tag="952" ind1=" " ind2=" ">
   <subfield code="0">0</subfield>
   <subfield code="1">0</subfield>
   <subfield code="2">ddc</subfield>
   <subfield code="4">0</subfield>
   <subfield code="6">317_102700000000000_PH561</subfield>
   <subfield code="7">0</subfield>
   <subfield code="9">10886</subfield>
   <subfield code="a">000001</subfield>
   <subfield code="b">000001</subfield>
   <subfield code="d">2018-06-15</subfield>
   <subfield code="o">317.1027 Ph561</subfield>
   <subfield code="p">MD.10500</subfield>
   <subfield code="r">2018-06-15</subfield>
   <subfield code="v">100000.00</subfield>
   <subfield code="w">2018-06-15</subfield>
   <subfield code="y">BK</subfield>
  </datafield>
  <datafield tag="952" ind1=" " ind2=" ">
   <subfield code="0">0</subfield>
   <subfield code="1">0</subfield>
   <subfield code="2">ddc</subfield>
   <subfield code="4">0</subfield>
   <subfield code="6">317_102700000000000_PH561</subfield>
   <subfield code="7">0</subfield>
   <subfield code="9">10887</subfield>
   <subfield code="a">000001</subfield>
   <subfield code="b">000001</subfield>
   <subfield code="d">2018-06-15</subfield>
   <subfield code="o">317.1027 Ph561</subfield>
   <subfield code="p">MD.10501</subfield>
   <subfield code="r">2018-06-15</subfield>
   <subfield code="v">100000.00</subfield>
   <subfield code="w">2018-06-15</subfield>
   <subfield code="y">BK</subfield>
  </datafield>
  <datafield tag="952" ind1=" " ind2=" ">
   <subfield code="0">0</subfield>
   <subfield code="1">0</subfield>
   <subfield code="2">ddc</subfield>
   <subfield code="4">0</subfield>
   <subfield code="6">317_102700000000000_PH561</subfield>
   <subfield code="7">0</subfield>
   <subfield code="9">10888</subfield>
   <subfield code="a">000001</subfield>
   <subfield code="b">000001</subfield>
   <subfield code="d">2018-06-15</subfield>
   <subfield code="o">317.1027 Ph561</subfield>
   <subfield code="p">MD.10502</subfield>
   <subfield code="r">2018-06-15</subfield>
   <subfield code="v">100000.00</subfield>
   <subfield code="w">2018-06-15</subfield>
   <subfield code="y">BK</subfield>
  </datafield>
  <datafield tag="952" ind1=" " ind2=" ">
   <subfield code="0">0</subfield>
   <subfield code="1">0</subfield>
   <subfield code="2">ddc</subfield>
   <subfield code="4">0</subfield>
   <subfield code="6">317_102700000000000_PH561</subfield>
   <subfield code="7">0</subfield>
   <subfield code="9">10889</subfield>
   <subfield code="a">000001</subfield>
   <subfield code="b">000001</subfield>
   <subfield code="d">2018-06-15</subfield>
   <subfield code="o">317.1027 Ph561</subfield>
   <subfield code="p">MD.10503</subfield>
   <subfield code="r">2018-06-15</subfield>
   <subfield code="v">100000.00</subfield>
   <subfield code="w">2018-06-15</subfield>
   <subfield code="y">BK</subfield>
  </datafield>
  <datafield tag="952" ind1=" " ind2=" ">
   <subfield code="0">0</subfield>
   <subfield code="1">0</subfield>
   <subfield code="2">ddc</subfield>
   <subfield code="4">0</subfield>
   <subfield code="6">317_102700000000000_PH561</subfield>
   <subfield code="7">0</subfield>
   <subfield code="9">10890</subfield>
   <subfield code="a">000001</subfield>
   <subfield code="b">000001</subfield>
   <subfield code="d">2018-06-15</subfield>
   <subfield code="o">317.1027 Ph561</subfield>
   <subfield code="p">MD.10504</subfield>
   <subfield code="r">2018-06-15</subfield>
   <subfield code="v">100000.00</subfield>
   <subfield code="w">2018-06-15</subfield>
   <subfield code="y">BK</subfield>
  </datafield>
  <datafield tag="952" ind1=" " ind2=" ">
   <subfield code="0">0</subfield>
   <subfield code="1">0</subfield>
   <subfield code="2">ddc</subfield>
   <subfield code="4">0</subfield>
   <subfield code="6">317_102700000000000_PH561</subfield>
   <subfield code="7">0</subfield>
   <subfield code="9">10891</subfield>
   <subfield code="a">000001</subfield>
   <subfield code="b">000001</subfield>
   <subfield code="d">2018-06-15</subfield>
   <subfield code="o">317.1027 Ph561</subfield>
   <subfield code="p">MD.10505</subfield>
   <subfield code="r">2018-06-15</subfield>
   <subfield code="v">100000.00</subfield>
   <subfield code="w">2018-06-15</subfield>
   <subfield code="y">BK</subfield>
  </datafield>
  <datafield tag="952" ind1=" " ind2=" ">
   <subfield code="0">0</subfield>
   <subfield code="1">0</subfield>
   <subfield code="2">ddc</subfield>
   <subfield code="4">0</subfield>
   <subfield code="6">317_102700000000000_PH561</subfield>
   <subfield code="7">0</subfield>
   <subfield code="9">10892</subfield>
   <subfield code="a">000001</subfield>
   <subfield code="b">000001</subfield>
   <subfield code="d">2018-06-15</subfield>
   <subfield code="o">317.1027 Ph561</subfield>
   <subfield code="p">MD.10506</subfield>
   <subfield code="r">2018-06-15</subfield>
   <subfield code="v">100000.00</subfield>
   <subfield code="w">2018-06-15</subfield>
   <subfield code="y">BK</subfield>
  </datafield>
  <datafield tag="980" ind1=" " ind2=" ">
   <subfield code="a">Thư viện Trường Đại học Nam Cần Thơ</subfield>
  </datafield>
 </record>
</collection>
